| 000 | 00761cam a22001577 4500 | ||
|---|---|---|---|
| 082 |
_a915 _bBEL |
||
| 100 | 1 |
_aBellew, H. W. _950590 |
|
| 245 | 1 | 0 |
_aFrom the Indus to the Tigris; _ba narrative of a journey through the countries of Balochistan, Afghanistan, Khorassan and Iran, in 1872, together with a synoptical grammar and vocabulary of the Brahoe language, and a record of the meteorological observations and altitudes on the march from the Indus to the Tigris, _cby Henry Walter Bellew... |
| 260 |
_aLondon, _bTrübner & co., _c1874. |
||
| 300 |
_avii, 496 p. _billus. _c23 cm.. |
||
| 526 |
_a0 _b0 _c0 _d915_000000000000000_BEL |
||
| 650 | 0 |
_aBrahui language. _950591 |
|
| 650 | 0 |
_aMCE _9379 |
|
| 856 | 4 | 1 | _uhttp://hdl.loc.gov/loc.wdl/wdl.11793 |
| 942 |
_2ddc _cBK |
||
| 999 |
_c553334 _d553334 |
||